| 000 | 00752nam a22002297a 4500 | ||
|---|---|---|---|
| 001 | 240036 | ||
| 003 | DO-SdBNP | ||
| 005 | 20160525145718.0 | ||
| 007 | 240036 | ||
| 008 | 160328b 1992 nyu xxu||||| |||| 00| 0 spa d | ||
| 020 | _a0590477358 | ||
| 040 |
_aBPMSU _bspa _cBPMSU |
||
| 092 |
_axxxx _bxxxx |
||
| 100 | 1 | _aMcKissack, Patricia C. | |
| 245 | 1 | 0 |
_aThe dark-thirty : _bSouthern tales of the supernatural / _cPatricia C. McKissack ; illustrated by Brian Pinkney. |
| 260 |
_aNew York : _bScholastic, _c1992. |
||
| 300 |
_aiv, 122 p. : _bil. ; _c27 cm. |
||
| 585 | _3 Newbery Honor Book, 1993. Coretta Scott King Award, author, 1993. | ||
| 700 | 1 | 2 |
_aPinkney, Brian, _eil. |
| 942 |
_2ddc _cBK |
||
| 956 |
_2LOPEREZ _310 _620160525 _8BPMSU _a00041 |
||
| 999 |
_c9399 _d9399 |
||